000 00456nam a2200181Ia 4500
005 20230724085943.0
008 131103s9999 xx 000 0 und d
040 _aLoreto College
041 _aEnglish
082 _a920
_bCRO
100 _aCrosbie,Philip
245 _aPencilling Prisoner
_cPhilip Crosbie
260 _aMelbourne
_bThe Hawthorn Press
_c1954
300 _aiii,195 p.
_b illus.
650 _aBiography
850 _aLCLIB
942 _cBK
999 _c12192
_d62671